| 000 | 00793nam a2200205 a 4500 | ||
|---|---|---|---|
| 003 | 0 | ||
| 005 | 20250225104913.0 | ||
| 008 | 101012s19uu xx 00 eng d | ||
| 050 |
_aPHS QH 541.15.M64 _b.C81 2010 |
||
| 100 | _aCortes, Clarus Elijah Benjamin C. | ||
| 245 |
_aEfficacy of Yacon (Smallanthus sonchifolia) in lowering blood glucose levels in pinto mice / _cClarus Elijah Benjamin C. Cortes. |
||
| 260 |
_aLas PiƱas City, Philippines : _bSouthville International School and Colleges, _c2010. |
||
| 300 |
_a60 pages : _billustrations ; _c30 cm. |
||
| 504 | _aIncludes bibliographical references. | ||
| 650 |
_aMice _xTesting. |
||
| 650 | _aSmallanthus sonchifolia. | ||
| 650 |
_aHypoglycemic agents _xNatural. |
||
| 650 |
_aBlood glucose _xPhysiological effect. |
||
| 942 |
_2lcc _cPASS |
||
| 999 |
_c98408 _d98408 |
||